| 000 | 00439nam a22001937a 4500 | ||
|---|---|---|---|
| 003 | MPLRDC | ||
| 005 | 20220104160229.0 | ||
| 008 | 210129b ||||| |||| 00| 0 eng d | ||
| 020 | _a978-986-120-518-2 | ||
| 082 | _a192.1 ZC | ||
| 100 | _a章成 | ||
| 245 |
_a与佛对话 _c |
||
| 250 | _a初版 | ||
| 260 |
_a台湾 _b商周出版 _c2011 |
||
| 300 | _b264 | ||
| 490 | _aOPEN MIND: 15 | ||
| 650 | _a灵修 | ||
| 942 |
_cBK _o192.1 ZC |
||
| 999 |
_c54873 _d54863 |
||